[Event "Itzehoe op"]
[Site "Itzehoe"]
[Date "2025.06.01"]
[Round "7"]
[White "Heimbrodt, Birk"]
[Black "Mueller, Kai"]
[Result "0-1"]
[WhiteElo "1817"]
[BlackElo "1960"]
[PlyCount "32"]
[EventDate "2025.05.29"]
[EventType "swiss"]
[EventRounds "7"]
[EventCountry "GER"]
[SourceTitle "CB23_2025"]
[SourceDate "2025.06.04"]
[SourceVersion "1"]
[SourceVersionDate "2025.06.04"]
[SourceQuality "1"]

1. e4 e5 2. Nf3 Nc6 3. d4 exd4 4. Nxd4 Nf6 5. Nxc6 bxc6 6. Bd3 d5 7. e5 Ng4 8. Qe2 Bc5 9. 0-0 Qe7 10. Bf4 Bd4 11. c3 Bb6 12. h3 Nh6 13. Bxh6 gxh6 14. Nd2 Rg8 15. Qh5 Rg3 16. Bf5 Rg5 0-1

[Event "Itzehoe op"]
[Site "Itzehoe"]
[Date "2025.05.30"]
[Round "3"]
[White "Carlstedt, Jonathan"]
[Black "Mueller, Kai"]
[Result "1-0"]
[WhiteElo "2448"]
[BlackElo "1960"]
[PlyCount "85"]
[EventDate "2025.05.29"]
[EventType "swiss"]
[EventRounds "7"]
[EventCountry "GER"]
[SourceTitle "CB23_2025"]
[SourceDate "2025.06.04"]
[SourceVersion "1"]
[SourceVersionDate "2025.06.04"]
[SourceQuality "1"]

1. Nf3 d5 2. b3 Nf6 3. Bb2 c5 4. e3 e6 5. d4 cxd4 6. exd4 Bd6 7. Nbd2 0-0 8. Bd3 b6 9. 0-0 Bb7 10. Re1 Nc6 11. c4 Nb4 12. Bb1 Ba6 13. a3 Nc6 14. c5 Be7 15. b4 Bc4 16. Ne5 Nxe5 17. dxe5 Ne8 18. Qc2 g6 19. Nxc4 dxc4 20. Qxc4 bxc5 21. bxc5 Qa5 22. Rc1 Rd8 23. Bd4 Qd2 24. Be3 Qb2 25. Ba2 Qxe5 26. Re1 Ng7 27. Rac1 Qc7 28. Qe4 Nf5 29. Bf4 Qa5 30. Qb4 Qxb4 31. axb4 Rd4 32. Rc4 Rc8 33. g4 Nh4 34. Rxd4 Nf3+ 35. Kg2 Nxd4 36. Re4 Rd8 37. Bc7 Rd7 38. Be5 Nc6 39. Bc3 a5 40. b5 Nb4 41. c6 Nxa2 42. cxd7 Nxc3 43. b6 1-0